| 000 | 00451nam a2200157Ia 4500 | ||
|---|---|---|---|
| 003 | SGT | ||
| 020 | _a9788189866020 | ||
| 082 |
_a621.38152 _bRAJ |
||
| 100 | _aRaju,GSN | ||
| 245 | _aElectronic devices and circuits | ||
| 260 |
_bI.K. International Publishing House Pvt. Ltd. _aNew Delhi _c2006 |
||
| 300 | _a562p. | ||
| 650 | _aELECTRONICS ENGINEERING | ||
| 653 | _aCOMMON ELECTRONIC MATERIALS AND PROPERTIES,ELECTRODYNAMICS AND CRO | ||
| 942 |
_2ddc _cBK |
||
| 999 |
_c4961 _d4961 |
||